| 000 | 00654nam a22001697a 4500 | ||
|---|---|---|---|
| 003 | OSt | ||
| 005 | 20151026111911.0 | ||
| 008 | 151026b xxu||||| |||| 00| 0 eng d | ||
| 040 | _cPemba | ||
| 082 | _a615.538DOR | ||
| 100 | _aམཉམ་ཉིད་རྡོ་རྗེ། | ||
| 245 | _aམན་ངག་བྱེ་བ་རིང་བསྲེལ་པོད་ཆུང་རབ་འབྱམས་གསལ་བའི་སྒྲོན་མེ། | ||
| 260 |
_aབོད། _bཀན་སུའུ་མི་རིགས་དཔེ་སྐྲུན་ཁང། _c1993 |
||
| 300 |
_a854pp. _c20.5cm |
||
| 650 | _abuddhism | ||
| 942 |
_2ddc _cBK |
||
| 999 |
_c4341 _d4341 |
||